000 00605nam a22001577a 4500
999 _c58789
_d58789
005 20220805110222.0
008 220805u2021 ge ||||| |||| 00| 0 geo d
020 _q9772449241009
041 _ageo
245 _aInnovative economics and management=ინოვაციური ეკონომიკა და მართვა
_cმთ. რედ. ბ. გეჩბაია.
260 _aბათუმი,
_c2021.
300 _aV.
653 _aეკონომიკა
700 _aგეჩბაია, ბ.
_eმთავარი რედაქტორი
_910764
942 _2udc
_cCR